| Tag |
First Indicator |
Second Indicator |
Subfields |
| LEADER |
00000cam a2200000 a 4500 |
| 001 |
in00001761882 |
| 005 |
20151025051828.0 |
| 008 |
020204s2000 ru a 000 0 ruso |
| 010 |
|
|
|a 2002389609
|
| 020 |
|
|
|a 5040047320
|
| 035 |
|
|
|a (OCoLC)ocm45747979
|
| 040 |
|
|
|a DLC
|c DLC
|d TXA
|d UtOrBLW
|
| 049 |
|
|
|a TXAM
|
| 050 |
0 |
0 |
|a PG3476.L532
|b A6 2000
|
| 100 |
1 |
|
|a Levitanskiĭ, I︠U︡riĭ.
|
| 245 |
1 |
0 |
|a Zelenye zvuki dozhdi︠a︡ :
|b stikhi, pisʹma, dnevniki /
|c I︠U︡riĭ Levitanskiĭ.
|
| 264 |
|
1 |
|a Moskva :
|b ĖKSMO-Press,
|c 2000.
|
| 300 |
|
|
|a 399 pages :
|b illustrations ;
|c 19 cm.
|
| 336 |
|
|
|a text
|b txt
|2 rdacontent
|
| 337 |
|
|
|a unmediated
|b n
|2 rdamedia
|
| 338 |
|
|
|a volume
|b nc
|2 rdacarrier
|
| 948 |
|
|
|a cataloged
|b h
|c 2003/5/2
|d c
|e spoltoratski
|f 11:14:51 am
|
| 994 |
|
|
|a E0
|b TXA
|
| 999 |
|
|
|a MARS
|
| 999 |
f |
f |
|s ebfaa9a9-6344-39ae-9e4b-3c395572e5b8
|i f3c63846-1c27-3c8c-9ad5-a8c892a96749
|t 0
|
| 952 |
f |
f |
|p ric
|a Texas A&M University
|b Rellis Campus
|c Joint Library Facility
|d Remote Storage
|t 0
|e PG3476.L532 A6 2000
|h Library of Congress classification
|i unmediated -- volume
|m A14830073129
|
| 998 |
f |
f |
|a PG3476.L532 A6 2000
|t 0
|l Remote Storage
|